000 01287nam a22002417a 4500
001 6776
003 FISKH
005 20250527124221.0
008 250527b cb ||||| |||| 00| 0 eng d
020 _a9781592238927
040 _aFISKH
_beng
_cFISKH
_dFISKH
050 _aTK6143.B4
082 _a621.385092
100 _aHonovich, Nancy
245 _aWorld of inventors :
_bAlexander Graham Bell /
_cBy Nancy Honovich
260 _aCalifornia :
_bSilver Dolphins ,
_c2008.
300 _a40 pages :
_bcolor illustrations ;
_c31 cm .
520 _aCan you hear me now? These days we take for granted the accessibility of the cell phone and how easy it is to talk to someone on the other side of the world. Alexander Graham Bell spent his life trying to devise new and better ways for people to communicate, first as a teacher for the deaf, and later as an inventor of many important devices, most notably the telephone. Young readers will be enthralled by World of Inventors: Alexander Graham Bell, which chronicles Bell's life and some of his amazing inventions. Inspired, kids can then build their own intercom system based on one of Bell's designs.
650 _aAmerican history
_vNon-fiction
700 _aDawson, Scott
_eIllustrator
942 _2ddc
_cBK
_n0
999 _c6776
_d6776